00784nam a22002175i 4500001000700000003000900007005001700016008004100033080002500074100001800099245010800117260004200225300007500267490003300342500003800375504002800413600002300441700003000464830003300494852003900527176836ES-MaACL20230906220208.0110214s1957 sp af |||| | spa d a75 Pissarro, Camille1 aRewald, John.10aCamilo Pissarro b: (1830-1903) / ctexto de John Rewald ; versión castellana de R. Santos Torroella. aBarcelona : bTimun Mas, ccop. 1957. a[1] h. , [72] p. : bil. , lám. col. y n. , algunas pleg. ; c18 cm.1 aEl libro de arte de bolsillo aEncuadernado con otros títulos. aBibliografía: p. [72]04aPissarro, Camille.0 aSantos Torroella, Rafael.0 aEl libro de arte de bolsillo aES-MaACLjE-14306 (8) xOlim P-144